Normal view
MARC view
Entry Personal Name
001 - CONTROL NUMBER
- control field: 12354
003 - CONTROL NUMBER IDENTIFIER
- control field: OSt
005 - DATE AND TIME OF LATEST TRANSACTION
- control field: 20220114145111.0
008 - FIXED-LENGTH DATA ELEMENTS
- fixed length control field: 220114|| aca||aabn | a|a d
040 ## - CATALOGING SOURCE
- Original cataloging agency: OSt
- Transcribing agency: OSt
100 ## - HEADING--PERSONAL NAME
- Personal name: Ankith Muthamma C.A, Kavery A.K, Krithika M.G and Poonacha K
670 ## - SOURCE DATA FOUND
- Source citation: Work cat.: (OSt): Ankith Muthamma C.A, Kavery A.K, Krithika M.G and Poonacha K, Skip:a secure key issuing scheme for peer to peer networks